| 000 | 00378nam a2200145Ia 4500 | ||
|---|---|---|---|
| 008 | 151213s9999 xx 000 0 und d | ||
| 100 | _aSyed Yusuf Hossain | ||
| 245 |
_aISO,9000 is Say What You do and do What You Say _cSyed Yusuf Hossain |
||
| 250 | _a1st | ||
| 300 | _a3772 p. | ||
| 650 | _aO Manual | ||
| 650 | _aReference | ||
| 700 | _aSyed Yusuf Hossain | ||
| 999 |
_c2486 _d2486 |
||